000 00866nam a2200277 a 4500
003 ARRUPE
005 20161117144812.0
008 040406s1977 enk 000 0 eng d
035 _a(OCoLC)ocn182679919
035 _a(CStRLIN)DCFO04-B6970
040 _aDFG
_cSMI
_dUtOrBLW
049 _aSNIF
050 _aBF75.13.R613 1975
090 _a922.97
_b.R6
100 1 _aRodinson, Maxime.
_927517
245 1 0 _aMohammed /
_ctranslated from the French by Anne Carter.
260 _aHarmondsworth, Middlesex, England :
_bPenguin Books Ltd.,
_c1977.
300 _axix, 361 p. ;
_c18 cm.
590 1 _aRECON
600 0 0 _aMuḼammad,
_cProphet,
_d-632.
_927518
901 _a*recs=b;bn=main;
902 _amrc08090609
_balv00008309
942 _2lcc
_cMONOGRAPH
949 _gfsgmain
_ifsg13571
_lfsg
_nddc
_o922.97 .R6
_tbook
_wi
999 _c125748
_d125748